书目信息 |
| 题名: |
远古生物之谜
|
|
| 作者: | 邸成光 主编 | |
| 分册: | ||
| 出版信息: | 延吉 延边人民出版社 2005.05 |
|
| 页数: | 150页 | |
| 开本: | 20cm | |
| 丛书名: | 科学人文系列丛书 | |
| 单 册: | ||
| 中图分类: | Q911 | |
| 科图分类: | ||
| 主题词: | 普通:古生物学 | |
| 电子资源: | ||
| ISBN: | 7-80698-503-4 | |
| 000 | 00622nam0 2200217 450 | |
| 001 | 21681 | |
| 005 | 20080107111947.55 | |
| 010 | @a7-80698-503-4@dCNY24.60 | |
| 100 | @a20060509d2005 km y0chiy0120 ea | |
| 101 | 0 | @achi |
| 200 | 1 | @a远古生物之谜@Ayuan gu sheng wu zhi mi@f邸成光主编@Fdi cheng guang zhu bian |
| 210 | @a延吉@c延边人民出版社@d2005.05 | |
| 215 | @a150页@d20cm | |
| 225 | 2 | @a科学人文系列丛书 |
| 410 | 0 | @12001 @a科学人文系列丛书 |
| 606 | 0 | @a普通:古生物学 |
| 690 | @aQ911@v4 | |
| 701 | 0 | @a邸成光@Adi cheng guang@4主编 |
| 801 | 0 | @aCN@bNISOFT@c20080107 |
| 905 | @aBZT@dQ911@e1 | |
| 906 | @dCNY24.60@n0@r1 | |
| 远古生物之谜/邸成光主编.-延吉:延边人民出版社,2005.05 |
| 150页;20cm.-(科学人文系列丛书) |
| ISBN 7-80698-503-4:CNY24.60 |
| ● |
| 相关链接 |
|
|
|
正题名:远古生物之谜
索取号:Q911/1
 
预约/预借
| 序号 | 登录号 | 条形码 | 馆藏地/架位号 | 状态 | 备注 |
| 1 | 623510 | 2000623510 | 中心书库中库/ 中库042架B面1列7层22/ [索取号:Q911/1] | 在馆 | |
| 2 | 623511 | 2000623511 | 中心书库中库/ 中库042架B面1列7层23/ [索取号:Q911/1] | 在馆 | |
| 3 | 623512 | 2000623512 | 中心书库中库/ 中库042架B面1列7层21/ [索取号:Q911/1] | 在馆 | |
| 4 | 623513 | 2000623513 | 中心书库中库/ 中库042架B面1列7层24/ [索取号:Q911/1] | 在馆 | |
| 5 | 623514 | 2000623514 | 中心书库中库/ 中库042架B面1列7层20/ [索取号:Q911/1] | 在馆 | |
| 6 | 623515 | 2000623515 | 中心书库中库/ 中库042架B面1列7层19/ [索取号:Q911/1] | 在馆 | |
| 7 | 623516 | 2000623516 | 中心书库中库/ 中库042架B面1列7层18/ [索取号:Q911/1] | 在馆 | |
| 8 | 623517 | 2000623517 | 中心书库中库/ 中库042架B面1列7层17/ [索取号:Q911/1] | 在馆 | |
| 9 | 623518 | 2000623518 | 中心书库中库/ 中库042架B面1列7层16/ [索取号:Q911/1] | 在馆 | |
| 10 | 623519 | 2000623519 | 中心书库中库/ 中库042架B面1列7层25/ [索取号:Q911/1] | 在馆 |